| 000 | 01014nam a22002657a 4500 | ||
|---|---|---|---|
| 999 |
_c12712 _d12712 |
||
| 003 | MIRAKIL | ||
| 005 | 20190207175600.0 | ||
| 008 | 190207b tu ||||| |||| 00| 0 tur d | ||
| 020 | _a9786053994718 | ||
| 040 |
_aTR-AnCHP _cTR-AnCHP |
||
| 041 | _atur | ||
| 082 |
_a155.232 _bİ15 2016 |
||
| 245 | 1 | 0 |
_aİçimizdeki şiddet: _bruhsaldan toplumsala şiddet görüngüleri / _cDerleyen Fulya Algın Tokmak |
| 246 | _aruhsaldan toplumsala şiddet görüngüleri | ||
| 260 |
_aİstanbul: _bİstanbul Bilgi Üniversitesi Yayınları, _c2016. |
||
| 300 |
_a281 s.: _bres., _c23 sm. |
||
| 490 | 0 |
_aİstanbul Bilgi Üniversitesi Yayınları ; _aPsike İstanbul Psikanaliz Kitaplığı ; _v576. _vkonferanslar: 9 |
|
| 504 | _aKaynakça ve dizin vardır. | ||
| 504 | _aKaynakça bölüm sonlarındadır. | ||
| 650 | 0 |
_95150 _aSaldırganlık (psikoloji) |
|
| 650 | 0 |
_9836 _aŞiddet _xTürkiye |
|
| 700 |
_95151 _aTokmak, Fulya Algın _eder. |
||
| 740 | _aruhsaldan toplumsala şiddet görüngüleri | ||
| 942 |
_2ddc _cBKS |
||